Catálogo
 En Linea

La forcícola : (Registro nro. 22068)

Detalles MARC
000 -CABECERA
campo de control de longitud fija 01199nam a2200241 a 4500
001 - NÚMERO DE CONTROL
campo de control 000022571
005 - FECHA Y HORA DE LA ÚLTIMA TRANSACCIÓN
campo de control 20240530073919.0
008 - DATOS DE LONGITUD FIJA--INFORMACIÓN GENERAL
campo de control de longitud fija 101013s2007 dr 000 f spa d
020 ## - NÚMERO INTERNACIONAL ESTÁNDAR DEL LIBRO
Número Internacional Estándar del Libro 9789945442182
040 ## - FUENTE DE LA CATALOGACIÓN
Centro catalogador/agencia de origen DO-SdBNP
Lengua de catalogación spa
Centro/agencia transcriptor BNPHU
082 ## - NÚMERO DE LA CLASIFICACIÓN DECIMAL DEWEY
Número de clasificación RD863.44
Número de documento/Ítem A473f
100 1# - ENTRADA PRINCIPAL--NOMBRE DE PERSONA
Nombre de persona Álvarez López, Wiliams,
Fechas asociadas al nombre 1944-
9 (RLIN) 46460
245 13 - MENCIÓN DE TÍTULO
Título La forcícola :
Resto del título la novela del siglo 21 /
Mención de responsabilidad, etc. Wiliams Álvarez López.
260 ## - PUBLICACIÓN, DISTRIBUCIÓN, ETC.
Lugar de publicación, distribución, etc. Santo Domingo :
Nombre del editor, distribuidor, etc. Taller,
Fecha de publicación, distribución, etc. 2007.
300 ## - DESCRIPCIÓN FÍSICA
Extensión 123 p. ;
Dimensiones 21 cm.
500 ## - NOTA GENERAL
Nota general Incluye datos biográficos del autor en la contracubierta.
505 0# - NOTA DE CONTENIDO CON FORMATO
Nota de contenido con formato La fiesta --
Información miscelánea Capítulo II
Título La gran vaguada --
Información miscelánea Capítulo III
Título El atentado --
Información miscelánea Capítulo IV
Título Regreso desde el infierno --
Información miscelánea Capítulo V
Título La llave --
Información miscelánea Capítulo VI
Título El ultimo rescate --
Información miscelánea Capítulo VII
Título Una gran tarde --
Información miscelánea Capítulo VIII
Título Un mal presagio la práctica macabra --
Información miscelánea Capítulo IX
Título El viaje --
Información miscelánea Capítulo X
Título Diluvio --
Información miscelánea Capítulo XI
Título La venganza --
Información miscelánea Capítulo XII
Título Sinopsis.
590 ## - NOTA LOCAL (RLIN)
Nota local La biblioteca posee 2 ejemplares autografiados por el autor.
590 ## - NOTA LOCAL (RLIN)
Nota local Inventariado, 2019/LP
650 #0 - PUNTO DE ACCESO ADICIONAL DE MATERIA--TÉRMINO DE MATERIA
Término de materia o nombre geográfico como elemento de entrada Novela dominicana
9 (RLIN) 223
650 #0 - PUNTO DE ACCESO ADICIONAL DE MATERIA--TÉRMINO DE MATERIA
Término de materia o nombre geográfico como elemento de entrada Literatura dominicana.
9 (RLIN) 67
910 ## - DATOS DE OPCIÓN DEL USUARIO (OCLC)
Datos de opción del usuario Validado. Control de calidad MFF
Existencias
Estado de retiro Estado de pérdida No para préstamo Código de colección Localización permanente Ubicación/localización actual Ubicación en estantería Fecha de adquisición Número de inventario Total de préstamos Signatura topográfica completa Código de barras Fecha visto por última vez Precio válido a partir de Tipo de ítem Koha Número de copia
    Excluido de préstamo Patrimonio Dominicano Patrimonio Dominicano Patrimonio Dominicano Depósito 13.10.2010 LF1   RD863.44 A473f 22571-10 25.06.2020 25.06.2020 Libro y Folleto Colección Patrimonio Dominicano  
    Excluido de préstamo Patrimonio Dominicano Patrimonio Dominicano Patrimonio Dominicano Depósito 13.10.2010 LF1   RD863.44 A473f 22571-20 25.06.2020 25.06.2020 Libro y Folleto Colección Patrimonio Dominicano e. 2

Con tecnología Koha